| 000 | 00479nam a22001577a 4500 | ||
|---|---|---|---|
| 005 | 20251108172032.0 | ||
| 008 | 250721s9999 xx 000 0 ara d | ||
| 082 | 1 | 4 | _a510.076/يوس |
| 100 | 1 | _aأبو حامده، يوسف محمود | |
| 245 | 1 | 0 |
_aالأمثل في الرياضيات : _b252 مسألة محلولة تفصيليا / |
| 300 | _aج | ||
| 650 | 1 | 7 | _aالرياضيات |
| 650 | 1 | 7 | _aالمسائل و التمارين |
| 942 |
_2ddc _cBK |
||
| 999 |
_c68791 _d68791 |
||